| LEADER | 00763nam a22002057a 4500 | ||
|---|---|---|---|
| 003 | GR-PaULI | ||
| 005 | 20210117210446.0 | ||
| 007 | ta | ||
| 008 | 170922s1916 gr a|||f |||| 000 0 gre d | ||
| 040 | |a GR-PaULI |b gre |c GR-PaULI |e AACR2 | ||
| 060 | |a WQ 100 | ||
| 100 | 1 | |9 164287 |a Καϊρης, Μιχαήλ Γ. , |d 1869-1944, |e συγγραφέας | |
| 245 | 1 | 0 | |a Πλήρης μαιευτική / |c Μ. Καϊρη. |
| 260 | |a [χ. τ. ]: |b [χ. χ. ], |c 1916. | ||
| 300 | |a ς, 877 σ. : |b εικ. ; |c 24 εκ. | ||
| 650 | 0 | |9 27925 |a Μαιευτική | |
| 942 | |2 nlm |c BKN | ||
| 952 | |0 0 |1 0 |2 nlm |4 0 |6 WQ_100_ΚΑΪ |7 1 |9 215240 |a MEDI |b MEDI |d 2017-09-22 |i 364 |l 0 |o WQ 100 ΚΑΪ |p 025000174460 |r 2017-09-22 00:00:00 |t 1 |y BKN |z Δωρεά | ||
| 998 | |c ΜΑΝΙΑΚΗ |d 2017 | ||
| 999 | |c 130785 |d 130785 | ||